| 000 | 00732nam a2200205Ia 4500 | ||
|---|---|---|---|
| 005 | 20251020182612.0 | ||
| 008 | 200515s9999 xx 000 0 und d | ||
| 082 | _aSC/678.04+692.4/A20 | ||
| 110 | _aAditivos para Concreto y Construcción S. A. | ||
| 245 | 0 | _aAdi Kret | |
| 260 | _aLima | ||
| 260 | _cs.a. | ||
| 520 | _aContiene: impermeabilizantes, acelerantes, retardadores y plastificantes, incorporador de aire-expansivos-livianos, curadores, endurecedores de pisos, desmoldadores de encofrados y preservantes de madera, retardadores superficiales, adhesivos o pegamentos | ||
| 650 | _aACELERANTES | ||
| 650 | _aADITIVOS | ||
| 650 | _aCATALOGOS | ||
| 650 | _aIMPERMEABILIZANTES | ||
| 650 | _aSELLADORES | ||
| 942 | _cLIB | ||
| 999 |
_c3374 _d3374 |
||